00821cam a22002291 4500001001300000003000400013005001700017008004100034010001700075035001900092040001700111042001200128050002200140100003500162245016600197260005900363300004300422490006600465650002300531650002000554999001700574gs 20000008 DLC20260227111324.0780301s1919 xx 000 0 eng  ags 20000008  a(OCoLC)3680958 aDLCcOTdDLC apremarc00aQE115b.A23 no. 31 aJillson, Willard Rouse,d1890-04aThe geology and coals of Stinking Creek (Knox County, Ky.)cby Willard Rouse Jillson and James M. Hodge. Illustrated with fifteen photographs, maps and diagrams. aFrankfort, Ky.,bDept. of geology and forestry,c1919. axiv, 89 p.billus., fold. map.c24 cm.0 aKentucky. Dept. of geology and forestry. Series 5. Bulletin 3 0aGeologyzKentucky. 0aCoalzKentucky. c25978d25978